La empresa adaptable: en la era de la información, asimilar los cambios no es todo, es lo único
Gespeichert in:
| 1. Verfasser: | |
|---|---|
| Format: | Buch |
| Sprache: | Spanisch |
| Veröffentlicht: |
Ciudad de México
McGraw Hill
2000
|
| Ausgabe: | 1a. ed |
| Schlagworte: | |
| Tags: |
Tag hinzufügen
Keine Tags, Fügen Sie den ersten Tag hinzu!
|
MARC
| LEADER | 00000cam a2200000 a 4500 | ||
|---|---|---|---|
| 001 | UCM4683 | ||
| 003 | CL-VaPUC | ||
| 008 | 020830e20000000MX |||||||||||||||||spa|d | ||
| 020 | |a 9701029585 | ||
| 082 | 0 | 4 | |a 658.406 |b HAE |2 21 |
| 100 | 0 | |a Haeckel, Stephan H |e author |9 471082 | |
| 245 | 1 | 3 | |a La empresa adaptable: en la era de la información, asimilar los cambios no es todo, es lo único |
| 250 | |a 1a. ed | ||
| 300 | |a 304 p | ||
| 942 | |c BK | ||
| 945 | |d 20020830 00:00:00 |a vberengu | ||
| 260 | |a Ciudad de México |b McGraw Hill |c 2000 | ||
| 650 | 0 | |a Cambio organizacional |9 260741 | |
| 650 | 0 | |a Toma de decisiones |9 257530 | |
| 583 | |a last modification |c 20170223 04:41:19 |k Rodrigo Vera | ||
| 999 | |c 301204 |d 301202 | ||
| 952 | |0 0 |1 0 |3 erb |4 0 |6 658_406000000000000_HAE_2000 |7 0 |8 A |9 359970 |a BIBENE |b BIBENE |i 5327792 |o 658.406 HAE 2000 |p 5327792 |r 2025-01-15 |w 2019-11-21 |y BK |z Catalogado en:20170226 |k ICO | ||